Miss education and her garden : A short summary of the educational blunders of half a century (Record no. 1373054)

MARC details
000 -LEADER
fixed length control field 00569nam a2200181Ia 4500
005 - DATE AND TIME OF LATEST TRANSACTION
control field 20250508161910.0
008 - FIXED-LENGTH DATA ELEMENTS--GENERAL INFORMATION
fixed length control field 008 250505s9999 xx 000 0 eng d
037 ## - SOURCE OF ACQUISITION
Stock number Books to be hide in OPAC
040 ## - CATALOGING SOURCE
Original cataloging agency FEDL
Language of cataloging eng
Transcribing agency FEDL
041 ## - LANGUAGE CODE
Language code of text/sound track or separate title eng
Source of code eng
084 ## - COLON CLASSIFICATION NUMBER
Classification number 370, BOO/O
Assigning agency FEDL
100 ## - MAIN ENTRY--PERSONAL NAME
Personal name Boole Mary Everest
9 (RLIN) 771759
245 #0 - TITLE STATEMENT
Title Miss education and her garden : A short summary of the educational blunders of half a century
260 ## - PUBLICATION, DISTRIBUTION, ETC.
Place of publication, distribution, etc. London, UK
Name of publisher, distributor, etc. C. W. Daniel
Date of publication, distribution, etc. 1908
300 ## - PHYSICAL DESCRIPTION
Extent 26p.
942 ## - ADDED ENTRY ELEMENTS (KOHA)
Koha item type Books to be hide in OPAC
Classification part 370, BOO/O
Holdings
Withdrawn status Lost status Damaged status Not for loan Home library Current library Date acquired Total Checkouts Full call number Barcode Date last seen Price effective from Koha item type
        Department of Education Library Department of Education Library 2025-05-08   370, BOO/O EL0062917 2025-05-08 2025-05-08 Books to be hide in OPAC
Copyright @ Delhi University Library System